| 000 | 00363nam a22001457a 4500 | ||
|---|---|---|---|
| 003 | Macl | ||
| 005 | 20180420163356.0 | ||
| 008 | 180420b xxu||||| |||| 00| 0 eng d | ||
| 040 | _cMACL | ||
| 100 |
_aDharmendra pathak _972136 |
||
| 245 | _aIndian society unity in diversity | ||
| 260 |
_aDelhi _bAryan _c2015 |
||
| 650 |
_aSocial science _972137 |
||
| 942 |
_2ddc _cBK |
||
| 999 |
_c57801 _d57801 |
||